Energy Retrofit Of Historical Public Buildings : A Case Study In Rome (Record no. 364364)

MARC details
000 -LEADER
fixed length control field 00364nam a2200121Ia 4500
008 - FIXED-LENGTH DATA ELEMENTS--GENERAL INFORMATION
fixed length control field 250110s9999 xx 000 0 und d
041 ## - LANGUAGE CODE
Language code of text/sound track or separate title eng
100 ## - MAIN ENTRY--PERSONAL NAME
Personal name Pakhare Snehal.
9 (RLIN) 183772
245 ## - TITLE STATEMENT
Title Energy Retrofit Of Historical Public Buildings : A Case Study In Rome
260 ## - PUBLICATION, DISTRIBUTION, ETC. (IMPRINT)
Name of publisher, distributor, etc. BNCA M Arch EA, Pune
Date of publication, distribution, etc. 2019
300 ## - PHYSICAL DESCRIPTION
Extent 64p
700 ## - ADDED ENTRY--PERSONAL NAME
Personal name Guide Name:Dhamankar Namrata
Holdings
Withdrawn status Lost status Damaged status Not for loan Home library Current library Date acquired Total Checkouts Barcode Date last seen Bill Date Koha item type Original Barcode
        Dr. Bhanuben Nanavati College of Architecture Dr. Bhanuben Nanavati College of Architecture 04/06/2019   BNCA-PR-1864 10/01/2025 10/01/2025 Project Reports PR1864